000 00609nam a2200241Ia 4500
003 OSt
005 20231103162548.0
008 210210b1998 xxu||||| |||| 00| 0 eng d
040 _cAL
041 _aEnglish
082 _a651 RAMO
100 _aRAMAN (B S)
_9140767
245 _aOffice management and communication.
260 _aMangalore.
_bUnited Publishers,
_c1998
300 _avi,511
650 _aOffice
_9140768
650 _amanagement
_9140769
650 _acommunication.
_9140770
650 _aand
_9140771
690 _aOffice Management
_9140772
906 _a054018
942 _2ddc
_cBK
999 _c101891
_d101891